000
002820000a22001090004500
100
1
_a
Orellana, Eugenio
245
1
0
_a
Los caminos imprevistos
300
_a
Vol.47, núm.200 (1992), Páginas 8-9
650
1
4
_a
LIDERAZGO CRISTIANO
773
0
_t
La Biblia en las Américas
942
_c
ANA
999
_c
62890
_d
62890